[Event "Barcelona Amateurs-A 03"]
[Site "Barcelona"]
[Date "2021.03.20"]
[Round "6"]
[White "Garcia de Blas, Esteban"]
[Black "Ribot Forns, Marc"]
[Result "1-0"]
[WhiteElo "1987"]
[BlackElo "1700"]
[PlyCount "37"]
[EventDate "2021.03.15"]
[EventType "tourn"]
[EventRounds "9"]
[EventCountry "ESP"]
[SourceTitle "CBM 201 Extra"]
[Source "ChessBase"]
[SourceDate "2021.05.31"]
[SourceVersion "1"]
[SourceVersionDate "2021.05.31"]
[SourceQuality "1"]

1. d4 d5 2. Bf4 Nf6 3. Nf3 e6 4. e3 Bd6 5. Bg3 c5 6. c3 Nc6 7. Nbd2 0-0 8. Bd3 b6 9. e4 dxe4 10. Nxe4 Nxe4 11. Bxe4 Bb7 12. dxc5 Bxc5 13. Qa4 Qe8 14. Bxh7+ Kh8 15. Qh4 Be7 16. Qh3 g5 17. Bc2+ Kg7 18. Qh7+ Kf6 19. Qh6# 1-0

[Event "Barcelona Amateurs-A 03"]
[Site "Barcelona"]
[Date "2021.03.19"]
[Round "5"]
[White "Febrero Perez, Lluis"]
[Black "Garcia de Blas, Esteban"]
[Result "0-1"]
[WhiteElo "1376"]
[BlackElo "1987"]
[PlyCount "36"]
[EventDate "2021.03.15"]
[EventType "tourn"]
[EventRounds "9"]
[EventCountry "ESP"]
[SourceTitle "CBM 201 Extra"]
[Source "ChessBase"]
[SourceDate "2021.05.31"]
[SourceVersion "1"]
[SourceVersionDate "2021.05.31"]
[SourceQuality "1"]

1. e4 e6 2. d4 d5 3. e5 c5 4. c3 Nc6 5. Nf3 Qb6 6. a3 f6 7. Bd3 fxe5 8. Nxe5 Nxe5 9. dxe5 g6 10. Qa4+ Bd7 11. Qh4 Bg7 12. f4 Ne7 13. a4 Nc6 14. Qf2 0-0 15. Be3 Nxe5 16. Bf1 Ng4 17. Qd2 Nxe3 18. Qxe3 Qxb2 0-1

[Event "Barcelona Amateurs-A 03"]
[Site "Barcelona"]
[Date "2021.03.16"]
[Round "2"]
[White "Garcia de Blas, Esteban"]
[Black "Sanchez Viana, Jordi"]
[Result "1-0"]
[WhiteElo "1987"]
[BlackElo "1527"]
[PlyCount "125"]
[EventDate "2021.03.15"]
[EventType "tourn"]
[EventRounds "9"]
[EventCountry "ESP"]
[SourceTitle "CBM 201 Extra"]
[Source "ChessBase"]
[SourceDate "2021.05.31"]
[SourceVersion "1"]
[SourceVersionDate "2021.05.31"]
[SourceQuality "1"]

1. d4 d5 2. c4 c6 3. cxd5 cxd5 4. Nc3 Nf6 5. Nf3 Bf5 6. Qb3 Qb6 7. Qxb6 axb6 8. Bg5 e6 9. e3 Bb4 10. Bb5+ Nc6 11. Ne5 Rc8 12. 0-0 h6 13. Bh4 g5 14. Bg3 0-0 15. Na4 Na7 16. Bd3 Bxd3 17. Nxd3 Ba5 18. b4 b5 19. Nac5 Bc7 20. Nxb7 Bxg3 21. hxg3 Ne4 22. Rfc1 Nc3 23. Kf1 Rc7 24. Nbc5 Ne4 25. Nxe4 Rxc1+ 26. Rxc1 dxe4 27. Nc5 Rc8 28. Rb1 Nc6 29. a3 Ra8 30. Rb3 Ne7 31. Nxe4 Nd5 32. Nc3 Nc7 33. g4 Rb8 34. Ke2 Ne8 35. Kd3 Nd6 36. f3 f5 37. gxf5 Nxf5 38. e4 Nh4 39. Rb2 Ng6 40. g3 h5 41. Ke3 h4 42. gxh4 gxh4 43. Rg2 Kf7 44. f4 Ne7 45. Rh2 Ng6 46. f5 exf5 47. exf5 Ne7 48. Kf4 Rd8 49. Ke4 Re8 50. Nxb5 Kf6 51. Nc7 Rc8 52. Nd5+ Nxd5 53. Kxd5 Kxf5 54. Rxh4 Kg5 55. Rh1 Rd8+ 56. Kc4 Kf5 57. b5 Rc8+ 58. Kb4 Ke4 59. a4 Kd5 60. b6 Kxd4 61. Rd1+ Ke5 62. a5 Rc2 63. Kb5 1-0

[Event "Barcelona Amateurs-A 03"]
[Site "Barcelona"]
[Date "2021.03.15"]
[Round "1"]
[White "Costa Trave, Jaume"]
[Black "Garcia de Blas, Esteban"]
[Result "1/2-1/2"]
[WhiteElo "1643"]
[BlackElo "1987"]
[PlyCount "102"]
[EventDate "2021.03.15"]
[EventType "tourn"]
[EventRounds "9"]
[EventCountry "ESP"]
[SourceTitle "CBM 201 Extra"]
[Source "ChessBase"]
[SourceDate "2021.05.31"]
[SourceVersion "1"]
[SourceVersionDate "2021.05.31"]
[SourceQuality "1"]

1. f4 d5 2. d4 Nf6 3. Nf3 Bf5 4. e3 e6 5. Bd3 Ne4 6. 0-0 Nd7 7. Nbd2 Ndf6 8. Ne5 Bd6 9. g4 Nxd2 10. Bxd2 Bxe5 11. gxf5 Bd6 12. Rf2 exf5 13. Bxf5 Qe7 14. Qf3 g6 15. Bd3 0-0-0 16. c4 dxc4 17. Bxc4 Ne4 18. Re2 f5 19. Be1 Bb4 20. a3 Bxe1 21. Raxe1 Rhe8 22. Rc1 Kb8 23. Rec2 Nd6 24. Rc3 Ne4 25. Rb3 Nd6 26. Bd5 b6 27. a4 Ne4 28. Bxe4 Qxe4 29. Kf2 Qxf3+ 30. Kxf3 a5 31. Rbc3 Re7 32. Rc4 Kb7 33. b4 axb4 34. Rxb4 Ra8 35. d5 Rae8 36. Rc3 Re4 37. Rbc4 R8e7 38. h4 Rxc4 39. Rxc4 Rd7 40. e4 fxe4+ 41. Kxe4 Re7+ 42. Kf3 Re1 43. Rd4 Kc8 44. d6 c5 45. d7+ Kd8 46. Rd6 Rb1 47. h5 c4 48. hxg6 hxg6 49. Rc6 Rb4 50. Rxg6 Kxd7 51. Ke3 Kc7 1/2-1/2

[Event "Sitges Sunway 7th"]
[Site "Sitges"]
[Date "2020.12.17"]
[Round "5"]
[White "Garcia de Blas, Esteban"]
[Black "Roque, Gaetan"]
[Result "1/2-1/2"]
[WhiteElo "1994"]
[BlackElo "2132"]
[PlyCount "80"]
[EventDate "2020.12.13"]
[EventType "swiss"]
[EventRounds "10"]
[EventCountry "ESP"]
[SourceTitle "CBM 199 Extra"]
[Source "ChessBase"]
[SourceDate "2021.01.31"]
[SourceVersion "1"]
[SourceVersionDate "2021.01.31"]
[SourceQuality "1"]

1. d4 d5 2. c4 dxc4 3. Nf3 Nf6 4. e3 e6 5. Bxc4 a6 6. 0-0 b5 7. Be2 Bb7 8. a4 b4 9. Nbd2 c5 10. b3 Nbd7 11. Bb2 Be7 12. Rc1 0-0 13. dxc5 Bxc5 14. Ne5 Nxe5 15. Rxc5 Nd3 16. Bxf6 gxf6 17. Rc4 Ne5 18. Rxb4 Qe7 19. Rd4 Nc6 20. Rc4 Rfd8 21. Qc1 Ne5 22. Rc3 Kh8 23. Nc4 Rg8 24. f3 Ng6 25. Na5 Nh4 26. Rf2 e5 27. Nxb7 Qxb7 28. Kh1 Rac8 29. Rxc8 Rxc8 30. Bc4 Nf5 31. Rc2 Qb6 32. Bxf7 Rxc2 33. Qxc2 Qxe3 34. Qc8+ Kg7 35. Qg8+ Kh6 36. Qf8+ Ng7 37. h3 a5 38. Kh2 Qf4+ 39. Kg1 e4 40. fxe4 Qc1+ 1/2-1/2

[Event "Barcelonca Manana FM"]
[Site "Barcelona"]
[Date "2020.08.01"]
[Round "1.5"]
[White "Garcia de Blas, Esteban"]
[Black "Fernandez Aguilar, Francisco"]
[Result "0-1"]
[WhiteElo "2017"]
[BlackElo "2151"]
[PlyCount "50"]
[EventDate "2020.08.01"]
[EventType "tourn"]
[EventRounds "9"]
[EventCountry "ESP"]
[SourceTitle "EXT 2024"]
[Source "ChessBase"]
[SourceDate "2023.10.10"]
[SourceVersion "1"]
[SourceVersionDate "2023.10.10"]
[SourceQuality "1"]

1. d4 Nf6 2. Nf3 g6 3. Bf4 Bg7 4. e3 0-0 5. Be2 d6 6. h3 Nbd7 7. c4 b6 8. Nc3 Bb7 9. 0-0 Ne4 10. Qc2 Nxc3 11. Qxc3 e5 12. Bh2 exd4 13. exd4 Qf6 14. Qd2 Rae8 15. Rad1 Re7 16. Rfe1 Rfe8 17. Kf1 Bxf3 18. gxf3 Nf8 19. Bf4 Qh4 20. Bg5 Qxh3+ 21. Kg1 Bxd4 22. Bxe7 Qg3+ 23. Kh1 Bxf2 24. Qh6 Rxe7 25. Qh2 Bxe1 0-1

[Event "ESP-ch 84th"]
[Site "Marbella"]
[Date "2019.11.18"]
[Round "3"]
[White "Garcia de Blas, Esteban"]
[Black "Guerra Rivera, Salvador"]
[Result "0-1"]
[WhiteElo "2031"]
[BlackElo "2334"]
[PlyCount "118"]
[EventDate "2019.11.16"]
[EventType "swiss"]
[EventRounds "9"]
[EventCountry "ESP"]
[SourceTitle "CBM 193 Extra"]
[Source "ChessBase"]
[SourceDate "2020.01.31"]
[SourceVersion "1"]
[SourceVersionDate "2020.01.31"]
[SourceQuality "1"]

1. e4 e5 2. Nf3 d6 3. d4 exd4 4. Nxd4 Nf6 5. Nc3 Be7 6. Be2 0-0 7. Be3 Re8 8. Qd2 Bf8 9. Bg5 h6 10. Bxf6 Qxf6 11. 0-0 c6 12. a4 a5 13. Kh1 Nd7 14. Nb3 Qh4 15. g3 Qd8 16. f4 Nf6 17. Bf3 Qb6 18. Qf2 Qc7 19. Rfe1 g6 20. Qd4 Bg7 21. Rad1 Ng4 22. Qd2 Qb6 23. Re2 h5 24. h3 Nh6 25. Kg2 Be6 26. Nd4 Bd7 27. Nb3 Rad8 28. Rb1 Be6 29. Nc1 Qc7 30. Nd3 Qc8 31. Rh1 f5 32. Qe1 d5 33. e5 d4 34. Nb1 b6 35. Nd2 Kf7 36. b3 Bf8 37. Qa1 Qc7 38. Nb2 Kg7 39. Rd1 Nf7 40. Ndc4 Bb4 41. Na3 Bc3 42. Nb1 Bb4 43. Nd3 Be7 44. Nf2 c5 45. Na3 h4 46. g4 g5 47. Nb5 Qd7 48. Kh2 gxf4 49. gxf5 Bxf5 50. Qc1 Bg5 51. Rg1 Kh7 52. Nd3 Bh6 53. Qe1 Ng5 54. Bh1 f3 55. Rf2 Bxd3 56. Rxg5 Bxg5 57. cxd3 Bf4+ 58. Kg1 Rg8+ 59. Kf1 Qxh3+ 0-1

[Event "Catalunya-ch"]
[Site "Vila Seca"]
[Date "2019.04.21"]
[Round "7"]
[White "Montilla Carrillo, Esteban"]
[Black "Garcia de Blas, Esteban"]
[Result "1/2-1/2"]
[WhiteElo "2178"]
[BlackElo "1989"]
[PlyCount "44"]
[EventDate "2019.04.18"]
[EventType "swiss"]
[EventRounds "8"]
[EventCountry "ESP"]
[SourceTitle "CBM 189 Extra"]
[Source "ChessBase"]
[SourceDate "2019.06.03"]
[SourceVersion "1"]
[SourceVersionDate "2019.06.03"]
[SourceQuality "1"]

1. d4 Nf6 2. c4 e6 3. g3 Bb4+ 4. Bd2 c5 5. Bxb4 cxb4 6. Bg2 0-0 7. Nf3 d6 8. Nbd2 Qe7 9. 0-0 a5 10. a3 Na6 11. Qc2 e5 12. e3 g6 13. Rfe1 Bf5 14. e4 Bg4 15. h3 Bxf3 16. Nxf3 b6 17. Qd2 Rfe8 18. Rad1 Kg7 19. Qd3 Qc7 20. dxe5 dxe5 21. Qd6 Qxc4 22. Qxb6 Qb3 1/2-1/2

[Event "Catalunya-chT GpB final"]
[Site "Barcelona"]
[Date "2017.04.01"]
[Round "4.8"]
[White "Garcia de Blas, Esteban"]
[Black "Fernandez Madrid, Carlos"]
[Result "0-1"]
[WhiteElo "2015"]
[BlackElo "2119"]
[PlyCount "72"]
[EventDate "2017.03.11"]
[EventType "team-tourn"]
[EventRounds "11"]
[EventCountry "ESP"]
[SourceTitle "EXT 2018"]
[Source "ChessBase"]
[SourceDate "2017.10.13"]
[SourceVersion "1"]
[SourceVersionDate "2017.10.13"]
[SourceQuality "1"]
[WhiteTeam "Montcada"]
[BlackTeam "Sant Josep de Badalona"]
[WhiteTeamCountry "ESP"]
[BlackTeamCountry "ESP"]

1. d4 Nf6 2. c4 c5 3. Nf3 cxd4 4. Nxd4 g6 5. g3 Bg7 6. Bg2 0-0 7. 0-0 Nc6 8. e3 Nxd4 9. exd4 d5 10. c5 Bg4 11. f3 Be6 12. b4 Qd7 13. Nc3 Bh3 14. Re1 Bxg2 15. Kxg2 Rae8 16. Bb2 h5 17. Qb3 h4 18. a4 Qf5 19. Ne2 h3+ 20. Kg1 Bh6 21. g4 Qd7 22. Ng3 Bf4 23. Bc1 e5 24. dxe5 Bxe5 25. Bb2 Bxb2 26. Qxb2 Nh7 27. Kf2 Rxe1 28. Kxe1 Re8+ 29. Kf2 Qe7 30. Qd2 Ng5 31. Qc3 Qe6 32. Rc1 d4 33. Qd2 Qf6 34. f4 Re3 35. Qc2 Qxf4+ 36. Kg1 Rc3 0-1

[Event "Catalunya-chT GpB final"]
[Site "Barcelona"]
[Date "2017.03.11"]
[Round "1.8"]
[White "Garrido Fernandez, Daniel"]
[Black "Garcia de Blas, Esteban"]
[Result "1-0"]
[WhiteElo "2205"]
[BlackElo "2015"]
[PlyCount "139"]
[EventDate "2017.03.11"]
[EventType "team-tourn"]
[EventRounds "11"]
[EventCountry "ESP"]
[SourceTitle "CBM 177 Extra"]
[Source "ChessBase"]
[SourceDate "2017.04.27"]
[SourceVersion "1"]
[SourceVersionDate "2017.04.27"]
[SourceQuality "1"]
[WhiteTeam "Foment Martinenc"]
[BlackTeam "Montcada"]
[WhiteTeamCountry "ESP"]
[BlackTeamCountry "ESP"]

1. e4 e6 2. d3 d5 3. Qe2 Nf6 4. e5 Nfd7 5. f4 c5 6. Nf3 Nc6 7. g3 Be7 8. Bg2 0-0 9. c4 Nb6 10. Na3 a6 11. 0-0 Qc7 12. Nc2 Rd8 13. Be3 Na4 14. b3 dxc4 15. dxc4 Nb6 16. Qf2 Nd7 17. Nd2 b6 18. Ne4 Bb7 19. Rfd1 Nf8 20. Qe2 Rxd1+ 21. Rxd1 Rd8 22. Rxd8 Qxd8 23. Qd2 Qxd2 24. Nxd2 Nd7 25. Kf2 Kf8 26. Ne4 Ke8 27. h4 Kd8 28. Ke2 Kc7 29. Bf3 Nb4 30. Nxb4 cxb4 31. Nd2 Bxf3+ 32. Nxf3 g6 33. g4 Nf8 34. h5 Nd7 35. Kd3 Kd8 36. Ke4 Ke8 37. Nd4 Nc5+ 38. Kf3 Kd7 39. Nc2 a5 40. Bxc5 Bxc5 41. Ke4 Ke7 42. Ne1 gxh5 43. gxh5 f5+ 44. exf6+ Kxf6 45. Nf3 Bd6 46. Ng5 h6 47. Nf3 Bc7 48. Nh2 Kf7 49. Ng4 Kg7 50. f5 exf5+ 51. Kxf5 Bd8 52. Ke6 Bg5 53. Ne5 Be3 54. Nd7 Bf2 55. Kd5 Kf7 56. Kc6 Ke6 57. Nxb6 Kf5 58. Nd5 Bh4 59. Kd7 Kg5 60. c5 Kxh5 61. c6 Bg3 62. Nf6+ Kg6 63. Ne4 Bb8 64. c7 Bxc7 65. Kxc7 h5 66. Kd6 h4 67. Ke5 h3 68. Kf4 h2 69. Nf2 Kf6 70. Ng4+ 1-0

[Event "Barcelona Sants op 17th"]
[Site "Barcelona"]
[Date "2015.08.21"]
[Round "1"]
[White "Garcia de Blas, Esteban"]
[Black "Ootes, Lars"]
[Result "0-1"]
[WhiteElo "2038"]
[BlackElo "2400"]
[PlyCount "81"]
[EventDate "2015.08.21"]
[EventType "swiss"]
[EventRounds "10"]
[EventCountry "ESP"]
[SourceTitle "EXT 2016"]
[Source "ChessBase"]
[SourceDate "2015.10.08"]
[SourceVersion "1"]
[SourceVersionDate "2015.10.08"]
[SourceQuality "1"]

1. e4 d6 2. d4 Nf6 3. Nc3 g6 4. f4 Bg7 5. Nf3 0-0 6. e5 dxe5 7. dxe5 Qxd1+ 8. Kxd1 Nh5 9. Be3 Nc6 10. Bb5 f6 11. exf6 Rxf6 12. Ng5 Nxf4 13. Bc4+ Kh8 14. Nf7+ Rxf7 15. Bxf7 Nxg2 16. Bd2 Bf5 17. Bb3 Rd8 18. Kc1 Nd4 19. Rf1 c6 20. Rf2 Nh4 21. Ne2 Ndf3 22. Bc3 e5 23. a3 Bh6+ 24. Kb1 Be3 25. Rf1 Bh3 26. Rh1 Bg2 27. Re1 h5 28. Bxe5+ Nxe5 29. Ng3 Ng4 30. Ka2 Kg7 31. Rad1 Rxd1 32. Rxd1 Nxh2 33. Rd7+ Kh6 34. Rxb7 Ng4 35. Re7 Nf5 36. Nxf5+ gxf5 37. Be6 Kg6 38. b4 h4 39. c4 h3 40. b5 h2 41. bxc6 0-1

[Event "Barcelona Catalunya op 26th"]
[Site "Barcelona"]
[Date "2014.10.04"]
[Round "2"]
[White "Romero Funieles, Rafael de Jesus"]
[Black "Garcia de Blas, Esteban"]
[Result "0-1"]
[WhiteElo "1939"]
[BlackElo "2143"]
[PlyCount "103"]
[EventDate "2014.09.27"]
[EventType "swiss"]
[EventRounds "9"]
[EventCountry "ESP"]
[SourceTitle "EXT 2017"]
[Source "ChessBase"]
[SourceDate "2016.10.25"]
[SourceVersion "1"]
[SourceVersionDate "2016.10.25"]
[SourceQuality "1"]

1. e4 e6 2. Nf3 d5 3. exd5 exd5 4. h3 Bd6 5. d4 Nf6 6. Bd3 0-0 7. 0-0 Nc6 8. a3 Ne7 9. b3 Ng6 10. Nc3 c6 11. Bg5 h6 12. Be3 Re8 13. b4 Ne4 14. Ne2 f5 15. c4 Be6 16. c5 Bb8 17. b5 Qc7 18. bxc6 bxc6 19. Qc1 a5 20. Rb1 Nf6 21. Rb6 Nd7 22. Rb2 Nh4 23. Ne5 Nxe5 24. dxe5 Qxe5 25. Bf4 Qf6 26. Rb7 Ng6 27. Bd2 Bc8 28. Rb6 Bc7 29. Rb3 Ne5 30. Nf4 g5 31. Nh5 Qg6 32. Be2 Nc4 33. Bd1 a4 34. Rb1 Nxd2 35. Qxd2 Be5 36. f4 Bh8 37. Rb6 Ba6 38. Rf2 Bb5 39. Bf3 Rad8 40. fxg5 Qxg5 41. Qxg5+ hxg5 42. Ng3 f4 43. Nf5 Re1+ 44. Kh2 Be5 45. Bg4 d4 46. Bf3 d3 47. Bxc6 Bxc6 48. Rxc6 d2 49. Rxd2 Rxd2 50. Rg6+ Kf7 51. Rxg5 f3+ 52. Rg3 0-1

[Event "Barcelona Catalunya op 26th"]
[Site "Barcelona"]
[Date "2014.09.27"]
[Round "1"]
[White "Garcia de Blas, Esteban"]
[Black "Roig Martinez, Salvador"]
[Result "1-0"]
[WhiteElo "2143"]
[BlackElo "1849"]
[PlyCount "61"]
[EventDate "2014.09.27"]
[EventType "swiss"]
[EventRounds "9"]
[EventCountry "ESP"]
[SourceTitle "EXT 2017"]
[Source "ChessBase"]
[SourceDate "2016.10.25"]
[SourceVersion "1"]
[SourceVersionDate "2016.10.25"]
[SourceQuality "1"]

1. d4 Nf6 2. c4 g6 3. Nc3 d5 4. Bf4 c6 5. e3 Bg7 6. h3 0-0 7. Nf3 Re8 8. Be2 Ne4 9. 0-0 Nd7 10. cxd5 Nxc3 11. bxc3 cxd5 12. c4 dxc4 13. Bxc4 h6 14. Rc1 Nb6 15. Bc7 Qd7 16. Bxb6 axb6 17. Qb3 Rf8 18. Qxb6 Qf5 19. Bb3 Ra6 20. Qc7 Bf6 21. Rc5 Qd7 22. Rfc1 b6 23. Qxd7 Bxd7 24. Rc7 Ba4 25. Rb7 b5 26. Nd2 Raa8 27. Ne4 Rab8 28. Nxf6+ exf6 29. Rcc7 Rxb7 30. Rxb7 Bxb3 31. axb3 1-0

[Event "Foment Martinenc op-A 16th"]
[Site "Barcelona"]
[Date "2014.06.07"]
[Round "7"]
[White "Garcia de Blas, Esteban"]
[Black "Povill Batlle, Ramon"]
[Result "1/2-1/2"]
[WhiteElo "2043"]
[BlackElo "1840"]
[PlyCount "80"]
[EventDate "2014.04.26"]
[EventType "swiss"]
[EventRounds "9"]
[EventCountry "ESP"]
[SourceTitle "EXT 2015"]
[Source "ChessBase"]
[SourceDate "2014.11.20"]
[SourceVersion "1"]
[SourceVersionDate "2014.11.20"]
[SourceQuality "1"]

1. d4 d5 2. c4 e5 3. dxe5 d4 4. Nf3 Nc6 5. g3 Nge7 6. Bg2 Ng6 7. Nbd2 Ngxe5 8. 0-0 Be7 9. Nxe5 Nxe5 10. Nf3 Nc6 11. a3 Be6 12. Qc2 0-0 13. Rd1 Bf6 14. h4 Qc8 15. Ng5 Bxg5 16. Bxg5 Bf5 17. Qa4 Qe6 18. Rd2 Be4 19. Bf1 f6 20. Bf4 g5 21. hxg5 fxg5 22. Bxg5 Rf5 23. Bh3 Qg6 24. Bxf5 Bxf5 25. Bh4 Re8 26. f3 Qh6 27. Rad1 Qe3+ 28. Kg2 d3 29. exd3 Nd4 30. Rf2 Rf8 31. Qa5 Nxf3 32. Rxf3 Qe2+ 33. Rf2 Be4+ 34. Kh3 Rxf2 35. Qg5+ Bg6 36. Qd8+ Rf8 37. Qd5+ Kg7 38. Qd4+ Kh6 39. Rg1 Rf3 40. Rg2 Qe6+ 1/2-1/2

[Event "Foment Martinenc op-A 16th"]
[Site "Barcelona"]
[Date "2014.05.24"]
[Round "5"]
[White "Garcia de Blas, Esteban"]
[Black "Martinez Lopez, Carlos"]
[Result "1/2-1/2"]
[WhiteElo "2043"]
[BlackElo "1780"]
[PlyCount "59"]
[EventDate "2014.04.26"]
[EventType "swiss"]
[EventRounds "9"]
[EventCountry "ESP"]
[SourceTitle "EXT 2015"]
[Source "ChessBase"]
[SourceDate "2014.11.20"]
[SourceVersion "1"]
[SourceVersionDate "2014.11.20"]
[SourceQuality "1"]

1. e4 c5 2. Nc3 Nc6 3. g3 g6 4. Bg2 Bg7 5. d3 e6 6. Be3 d6 7. Nf3 Nd4 8. 0-0 Ne7 9. Qd2 h5 10. h4 Nec6 11. Ne1 Rb8 12. Nd1 Ne5 13. c3 Ndc6 14. f3 b6 15. b3 Ba6 16. Nf2 Qc7 17. Nc2 0-0 18. f4 Nd7 19. Rac1 f5 20. Rfd1 Nf6 21. d4 c4 22. d5 exd5 23. exf5 gxf5 24. Bxd5+ Nxd5 25. Qxd5+ Rf7 26. Nh3 Ne7 27. Qxd6 Qxd6 28. Rxd6 cxb3 29. axb3 Bxc3 30. Ne1 1/2-1/2

[Event "Foment Martinenc op-A 16th"]
[Site "Barcelona"]
[Date "2014.04.26"]
[Round "1"]
[White "Valdes Romero, Leonardo"]
[Black "Garcia de Blas, Esteban"]
[Result "1-0"]
[WhiteElo "2404"]
[BlackElo "2043"]
[PlyCount "123"]
[EventDate "2014.04.26"]
[EventType "swiss"]
[EventRounds "9"]
[EventCountry "ESP"]
[SourceTitle "EXT 2015"]
[Source "ChessBase"]
[SourceDate "2014.11.20"]
[SourceVersion "1"]
[SourceVersionDate "2014.11.20"]
[SourceQuality "1"]

1. Nf3 d5 2. c4 c6 3. g3 Nf6 4. Bg2 Bg4 5. Ne5 Be6 6. cxd5 Bxd5 7. Nf3 g6 8. Nc3 Bg7 9. d3 Be6 10. e4 h6 11. d4 Bc4 12. Ne5 Ba6 13. Qb3 e6 14. Bf1 Qb6 15. Qxb6 axb6 16. Be3 Bxf1 17. Kxf1 b5 18. f3 0-0 19. Kf2 Rd8 20. Nd3 Ne8 21. e5 Na6 22. a4 b4 23. Ne4 Bf8 24. Rac1 Kg7 25. g4 Nec7 26. h4 Nd5 27. h5 Nxe3 28. Kxe3 Be7 29. hxg6 fxg6 30. Ndc5 Nxc5 31. Nxc5 Bxc5 32. Rxc5 Rd5 33. Rc4 b3 34. Rb4 Rd7 35. Rxb3 Rad8 36. a5 h5 37. gxh5 gxh5 38. Rb4 Kg6 39. Rg1+ Kh6 40. Rc4 Ra8 41. b4 Rg7 42. Rxg7 Kxg7 43. Rc1 Kh6 44. f4 h4 45. f5 exf5 46. Kf4 Rd8 47. Kxf5 Rxd4 48. Rg1 Rxb4 49. e6 Rb5+ 50. Kf6 Rxa5 51. e7 Ra8 52. Kf7 h3 53. Rh1 Kg5 54. Rxh3 Kf5 55. Rb3 Rb8 56. e8Q Rxe8 57. Kxe8 Ke5 58. Rxb7 c5 59. Rc7 Kd4 60. Kd7 c4 61. Kc6 c3 62. Kb5 1-0

[Event "Llinars del Valles op-A 6th"]
[Site "Llinars del Valles"]
[Date "2012.04.28"]
[Round "3"]
[White "Garcia de Blas, Esteban"]
[Black "Camus, Adrian Hugo"]
[Result "1-0"]
[WhiteElo "2000"]
[BlackElo "1909"]
[PlyCount "49"]
[EventDate "2012.04.14"]
[EventType "swiss"]
[EventRounds "9"]
[EventCountry "ESP"]
[SourceTitle "EXT 2013"]
[Source "ChessBase"]
[SourceDate "2012.11.22"]
[SourceVersion "1"]
[SourceVersionDate "2012.11.22"]
[SourceQuality "1"]

1. e4 g6 2. d4 d6 3. c4 Bg7 4. Nc3 c6 5. Be3 Nf6 6. f3 Nbd7 7. Bd3 0-0 8. Nge2 e5 9. d5 c5 10. Qd2 Nb6 11. g4 Bd7 12. Ng3 a6 13. h4 Na4 14. Nxa4 Bxa4 15. h5 Be8 16. Qh2 b5 17. 0-0-0 bxc4 18. Bxc4 Qb6 19. g5 Nxh5 20. Nxh5 gxh5 21. Qxh5 h6 22. gxh6 Bf6 23. Qf5 Qd8 24. Rdg1+ Kh8 25. Rg7 1-0

[Event "Llinars del Valles op-A 6th"]
[Site "Llinars del Valles"]
[Date "2012.04.14"]
[Round "1"]
[White "Garcia de Blas, Esteban"]
[Black "Ruiz Alba, Daniel"]
[Result "1/2-1/2"]
[WhiteElo "2000"]
[BlackElo "1793"]
[PlyCount "111"]
[EventDate "2012.04.14"]
[EventType "swiss"]
[EventRounds "9"]
[EventCountry "ESP"]
[SourceTitle "EXT 2013"]
[Source "ChessBase"]
[SourceDate "2012.11.22"]
[SourceVersion "1"]
[SourceVersionDate "2012.11.22"]
[SourceQuality "1"]

1. d4 d5 2. Nf3 e6 3. c4 c6 4. cxd5 exd5 5. Nc3 Bd6 6. Qc2 Ne7 7. Bg5 Qb6 8. Bxe7 Bxe7 9. e3 Be6 10. Bd3 Nd7 11. 0-0 h6 12. a3 Qc7 13. Rac1 0-0 14. Rfe1 Bg4 15. Nxd5 Qd6 16. Nxe7+ Qxe7 17. Nd2 Rac8 18. b4 Nf6 19. Nc4 Be6 20. Ne5 Rfd8 21. Qc5 Qxc5 22. bxc5 Nd5 23. Re2 f6 24. Nc4 b6 25. cxb6 axb6 26. Be4 b5 27. Nb2 Rd7 28. Rec2 Rdc7 29. Nd3 Ne7 30. Nb4 Bc4 31. h3 Ra8 32. Rc3 f5 33. Bf3 Kf7 34. Nd3 Nd5 35. Bxd5+ cxd5 36. Ne5+ Ke7 37. Nxc4 bxc4 38. Kf1 Rb7 39. Ra1 Rb2 40. a4 Kd6 41. a5 Kc6 42. g4 fxg4 43. hxg4 Kb5 44. Rca3 Kb4 45. Ke1 c3 46. a6 Kc4 47. Rc1 Rb3 48. Ra4+ Kd3 49. a7 c2 50. Ra2 Rc3 51. Ra4 g6 52. e4 Kxe4 53. Kd2 Rc4 54. Rxc4 dxc4 55. Rxc2 Rxa7 56. Rxc4 1/2-1/2

[Event "Cerdanyola del Valles"]
[Site "Cerdanyola del Valles"]
[Date "2011.10.01"]
[Round "1"]
[White "Garcia de Blas, Esteban"]
[Black "Balague Camps, Marc"]
[Result "1/2-1/2"]
[WhiteElo "2008"]
[BlackElo "2071"]
[PlyCount "31"]
[EventDate "2011.10.01"]
[EventType "tourn"]
[EventRounds "9"]
[EventCountry "ESP"]
[SourceTitle "EXT 2013"]
[Source "ChessBase"]
[SourceDate "2012.11.22"]
[SourceVersion "1"]
[SourceVersionDate "2012.11.22"]
[SourceQuality "1"]

1. d4 d5 2. c4 c6 3. Nc3 dxc4 4. a4 e5 5. e3 exd4 6. exd4 Be6 7. Nf3 Be7 8. Be3 h6 9. Ne5 Nf6 10. Bxc4 Bxc4 11. Nxc4 Nd5 12. 0-0 0-0 13. Qb3 b6 14. Ne5 Nb4 15. a5 N8a6 16. Ng6 1/2-1/2

[Event "Catalunya-chT"]
[Site "Barcelona"]
[Date "2011.03.19"]
[Round "8.10"]
[White "Ibanez Tarradellas, Eduardo"]
[Black "Garcia de Blas, Esteban"]
[Result "1-0"]
[WhiteElo "2273"]
[BlackElo "2039"]
[PlyCount "77"]
[EventDate "2011.01.29"]
[EventType "team-tourn"]
[EventRounds "11"]
[EventCountry "ESP"]
[SourceTitle "EXT 2012"]
[Source "ChessBase"]
[SourceDate "2011.11.24"]
[SourceVersion "1"]
[SourceVersionDate "2011.11.24"]
[SourceQuality "1"]
[WhiteTeam "UGA"]
[BlackTeam "Cerdanyola Valles"]
[WhiteTeamCountry "ESP"]
[BlackTeamCountry "ESP"]

1. d4 d5 2. Bg5 c6 3. e3 Nd7 4. Nf3 Ngf6 5. Nbd2 Qb6 6. Rb1 g6 7. Bd3 Bg7 8. 0-0 0-0 9. c4 h6 10. Bh4 g5 11. Bg3 Re8 12. cxd5 cxd5 13. Qc2 Nf8 14. Rfc1 Ne6 15. Bc7 Nxc7 16. Qxc7 Nd7 17. a4 a6 18. b4 Qxc7 19. Rxc7 Nf8 20. Nb3 Ne6 21. Rc3 g4 22. Ne5 Nf8 23. Rbc1 h5 24. f4 gxf3 25. gxf3 Bxe5 26. dxe5 Ne6 27. f4 Bd7 28. a5 Ba4 29. Nd4 Nxd4 30. exd4 Kg7 31. Kf2 Kh6 32. Be2 f6 33. Rh3 Rh8 34. Bxh5 Kg7 35. Rg1+ Kf8 36. Bg4 Rxh3 37. Bxh3 Kf7 38. e6+ Kf8 39. Bf5 1-0

[Event "Cerdanyola del Valles op 28th"]
[Site "Cerdanyola del Valles"]
[Date "2010.11.06"]
[Round "6"]
[White "Norte Garcia, Andrea"]
[Black "Garcia de Blas, Esteban"]
[Result "1/2-1/2"]
[WhiteElo "1924"]
[BlackElo "2039"]
[PlyCount "44"]
[EventDate "2010.10.02"]
[EventType "swiss"]
[EventRounds "7"]
[EventCountry "ESP"]
[SourceTitle "EXT 2012"]
[Source "ChessBase"]
[SourceDate "2011.11.24"]
[SourceVersion "1"]
[SourceVersionDate "2011.11.24"]
[SourceQuality "1"]

1. e4 e6 2. d4 d5 3. Nc3 Bb4 4. exd5 exd5 5. Bd3 Nc6 6. a3 Be7 7. Nce2 Nf6 8. c3 0-0 9. Ng3 Re8 10. N1e2 Bd6 11. 0-0 Ne4 12. Bf4 Bxf4 13. Nxf4 Qd6 14. Nfe2 Nd8 15. Qc2 f5 16. f3 Nxg3 17. Nxg3 g6 18. c4 dxc4 19. Bxc4+ Be6 20. Rad1 Bxc4 21. Qxc4+ Nf7 22. Ne2 Rad8 1/2-1/2